ÿEs vigente el artículo 3 constitucional? (Record no. 68022)

MARC details
000 -CABECERA
campo de control de longitud fija 00581nam a2200205 a 4500
005 - FECHA Y HORA DE LA ÚLTIMA TRANSACCIÓN
campo de control 20210223123901.0
008 - ELEMENTOS DE LONGITUD FIJA--INFORMACIÓN GENERAL
campo de control de longitud fija 991125n 000 0 u
035 ## - NÚMERO DE CONTROL DEL SISTEMA
Número de control de sistema UPN01000077117
100 1# - ASIENTO PRINCIPAL--NOMBRE PERSONAL
Nombre de persona Zavala Aguilar, Roberto
9 (RLIN) 34282
222 ## - TÍTULO CLAVE
Título clave REVISTA DE LA ESCUELA NORMAL SUPERIOR DE MEXICO
245 ## - MENCIÓN DE TÍTULO
Título ÿEs vigente el artículo 3 constitucional?
300 ## - DESCRIPCIÓN FÍSICA
Extensión 3-4
362 ## - FECHAS DE PUBLICACIÓN Y/O DESIGNACIÓN SECUENCIAL
Fecha de publicación y/o designación secuencial 1987 4ê época, no. 13 sep.-oct.
653 0# - TERMINO DE INDIZACION - NO CONTROLADO
Término no controlado DESARROLLO ECONOMICO
653 0# - TERMINO DE INDIZACION - NO CONTROLADO
Término no controlado DESARROLLO SOCIAL
653 0# - TERMINO DE INDIZACION - NO CONTROLADO
Término no controlado EDUCACION
653 0# - TERMINO DE INDIZACION - NO CONTROLADO
Término no controlado LEXICO
904 ## - ELEMENTOS DE DATOS D LOCAL, LDD (RLIN)
a AC
b 014928
905 ## - TIPO DE MATERIAL
Tipo de material Articulo

No items available.